טוען...

'Battle against Their Own Minds' Notes on Literate Kerala

The idea that illiterates are living in a dark age because of their illiteracy underlies the national literacy programme, yielding the stereotypes of the illiterate as submerged in a sea of darkness and the literate as bathing in the light of every kind of awareness. The human goals of education are...

תיאור מלא

מידע ביבליוגרפי
מחבר ראשי: Krishna Kumar
פורמט: Printed Book
יצא לאור: Economic and Political Weekly February 12, 1994 1994
נושאים:
LEADER 008520000a22001330004500
100 |a Krishna Kumar 
245 |a 'Battle against Their Own Minds' Notes on Literate Kerala 
260 |c 1994 
260 |b Economic and Political Weekly February 12, 1994 
520 |a The idea that illiterates are living in a dark age because of their illiteracy underlies the national literacy programme, yielding the stereotypes of the illiterate as submerged in a sea of darkness and the literate as bathing in the light of every kind of awareness. The human goals of education are sacrificed fully when the existing stratification of society is reified thus by a baseless, indeed irrational, use of knowledge to classify people 
650 |a COMMUNITY LIBRARIES 
942 |c KS 
999 |c 73214  |d 73214 
952 |0 0  |1 0  |4 0  |7 0  |9 65178  |a MGUL  |b MGUL  |d 2015-08-01  |l 0  |r 2015-08-01  |w 2015-08-01  |y KS